| 000 | 00398nam a2200169Ia 4500 | ||
|---|---|---|---|
| 008 | 230524s9999 xx 000 0 und d | ||
| 020 | _a9780198066643 | ||
| 082 |
_a5.453 _bMUN |
||
| 100 |
_aK.Muneeswaran _942620 |
||
| 245 | 0 | _aCompiler Design | |
| 250 | _a1 | ||
| 260 |
_aNew Delhi _bOxford _c2013 |
||
| 300 | _a"XI,640p;" | ||
| 500 | _aQuantity Number: 1 | ||
| 650 | _aComp-Sc | ||
| 942 | _cBK | ||
| 999 |
_c57630 _d57630 |
||